Normal view
MARC view
Entry Topical Term
001 - CONTROL NUMBER
- control field: 69726
003 - CONTROL NUMBER IDENTIFIER
- control field: OSt
005 - DATE AND TIME OF LATEST TRANSACTION
- control field: 20230124151609.0
008 - FIXED-LENGTH DATA ELEMENTS
- fixed length control field: 230124|| aca||aabn | a|a d
040 ## - CATALOGING SOURCE
- Original cataloging agency: OSt
- Transcribing agency: OSt
150 ## - HEADING--TOPICAL TERM
- Topical term or geographic name entry element: Hindi Literature: हिंदी साहित्य
670 ## - SOURCE DATA FOUND
- Source citation: Work cat.: (OSt): Arthur Conan Doyle: आर्थर कॉनन डायल 69723, Nachti akratiyaan: Sherlock Holmes ke jasoosi karnamein, 2021